Communicating hope (Record no. 1109)
[ view plain ]
| 000 -LEADER | |
|---|---|
| fixed length control field | 01404nam a2200337 a 4500 |
| 082 04 - DEWEY DECIMAL CLASSIFICATION NUMBER | |
| Classification number | 362.2083 |
| 100 1# - MAIN ENTRY--AUTHOR NAME | |
| Personal name | Davis, Christine S. |
| 245 10 - TITLE STATEMENT | |
| Title | Communicating hope |
| 260 ## - PUBLICATION, DISTRIBUTION, ETC. (IMPRINT) | |
| Place of publication | Walnut Creek, Calif. : |
| Name of publisher | Left Coast Press, Inc., |
| Year of publication | 2013. |
| 300 ## - PHYSICAL DESCRIPTION | |
| Number of Pages | 241 p. |
| 650 #0 - SUBJECT ADDED ENTRY--TOPICAL TERM | |
| Topical Term | Psychiatric social work |
| Topical Term | Mentally ill children |
| Topical Term | Social work with children |
| Topical Term | Child mental health services |
| 856 40 - ELECTRONIC LOCATION AND ACCESS | |
| Uniform Resource Identifier | http://site.ebrary.com/lib/rucke/Doc?id=10714981 |
No items available.
